| 000 | 01148nam a22002177a 4500 | ||
|---|---|---|---|
| 999 |
_c7490 _d7490 |
||
| 003 | AR-CdUCM | ||
| 008 | 190320b ||||| |||| 00| 0 spa d | ||
| 020 | _a84-86424-79-8 | ||
| 040 |
_aMUNICIPALIDAD PROVINCIAL DEL CUSCO _cBIBLIOTECA MUNICIPAL DEL CUSCO |
||
| 082 |
_a624.2 / _bL86 |
||
| 100 |
_aLópez Vicente, José Manuel _921126 |
||
| 245 | _aManual práctico del automóvil / | ||
| 260 |
_aMadrid : _bCultural, _c1987. |
||
| 300 |
_a5 tomos ; _bIlustraciones, _c25 cm. |
||
| 505 | _aContenido :V.1: El vehículo automóvil, Bloque de cilindros, Culatas, Cigueñal, embolo, biela, Manipuulacion de las partes del motor, Distribución y alimentación ...Elementos y funcionamiento --El bastidor --El cilindro --La culata --El cigueñal --La biela ...V.4: El embrague --Cambio de velocidad --Cambio automático de velocidades --Transmicion ...V5: La dirección --Frenos --Ruedas y neumáticos --La carroceria --Apendices -- v.6 -- La técnica de construcción o de reparación de los motores ... | ||
| 650 |
_aAutomóviles _921127 |
||
| 650 |
_aManuales _95970 |
||
| 650 |
_aElectromecanica _921128 |
||
| 942 |
_2ddc _cLIBROS |
||
| 945 | _arjall | ||